[Event "17MCR_PFA"]
[Site "?"]
[Date "2003.??.??"]
[Round "?"]
[White "Volek, Stanislav"]
[Black "Doubek, Svatopluk"]
[Result "1/2-1/2"]
[WhiteElo "2265"]
[BlackElo "2255"]
[PlyCount "66"]
[EventDate "2003.??.??"]
[EventType "corr"]
[EventRounds "1"]
[SourceDate "2005.10.25"]

1. d4 d5 2. Nf3 Nf6 3. c4 e6 4. Nc3 c6 5. e3 Nbd7 6. Qc2 Bd6 7. Be2 O-O 8. O-O
Re8 9. Rd1 Qe7 10. h3 h6 11. a3 dxc4 12. Bxc4 e5 13. Nh4 Nf8 14. dxe5 Bxe5 15.
Bd2 Be6 16. Bd3 Rad8 17. Nf3 Bb8 18. Ne2 Bd5 19. Bb4 Qc7 20. Ng3 N6d7 21. e4
Be6 22. Re1 Ne5 23. Nxe5 Qxe5 24. Rad1 Nd7 25. Bc3 Qg5 26. Nf5 Be5 27. h4 Qg6
28. Re3 Bxf5 29. exf5 Qf6 30. Bc4 Bxc3 31. Rxd7 Rxe3 32. Bxf7+ Kf8 33. Rxd8+
Qxd8 1/2-1/2

[Event "17MCR_PFA"]
[Site "?"]
[Date "2003.??.??"]
[Round "?"]
[White "Jirku, Jaroslav"]
[Black "Pytlik, Lesek"]
[Result "1/2-1/2"]
[WhiteElo "2265"]
[BlackElo "2260"]
[PlyCount "124"]
[EventDate "2003.??.??"]
[EventType "corr"]
[EventRounds "1"]
[SourceDate "2005.10.25"]

1. e4 e5 2. Nf3 Nc6 3. Bb5 a6 4. Ba4 Nf6 5. O-O Nxe4 6. d4 b5 7. Bb3 d5 8. dxe5
Be6 9. c3 Bc5 10. Nbd2 O-O 11. Bc2 f5 12. Nb3 Bb6 13. Nfd4 Nxd4 14. Nxd4 Qe7
15. f3 Nc5 16. Be3 f4 17. Bf2 Bf7 18. Re1 Ne6 19. Qd2 Nxd4 20. cxd4 Be6 21. a4
bxa4 22. Bxa4 a5 23. Bc6 Rab8 24. Rac1 Rf5 25. Rb1 Rbf8 26. Re2 Qf7 27. b4 axb4
28. Qa2 Rd8 29. Rxb4 Qh5 30. Rb5 Rff8 31. Qb3 Qg6 32. Qc3 Rb8 33. Reb2 Qf7 34.
Kh1 Kh8 35. Qc2 h6 36. R2b4 Rfd8 37. Bh4 g5 38. Bf2 Rg8 39. Qc3 Rbd8 40. Rb3
Qh5 41. Qd2 Rg7 42. Qd3 Qg6 43. Qxg6 Rxg6 44. Bb7 Kg7 45. Kg1 h5 46. Rc3 Kf7
47. Kf1 Ke7 48. Ke2 h4 49. Rc1 Bd7 50. Rb2 Ke6 51. Kd3 h3 52. g4 fxg3 53. Bxg3
Rf8 54. Rf2 Rgg8 55. Ke3 Rf5 56. Bc6 Bxc6 57. Rxc6+ Kd7 58. Rcc2 Rc8 59. Rb2
Rf7 60. Rb5 Rcf8 61. Rf1 Ke6 62. Rb3 Rf5 1/2-1/2

[Event "17MCR_PFA"]
[Site "?"]
[Date "2003.??.??"]
[Round "?"]
[White "Doubek, Svatopluk"]
[Black "Jirku, Jaroslav"]
[Result "1/2-1/2"]
[WhiteElo "2255"]
[BlackElo "2265"]
[PlyCount "78"]
[EventDate "2003.??.??"]
[EventType "corr"]
[EventRounds "1"]
[SourceDate "2005.10.25"]

1. d4 d5 2. c4 e6 3. Nc3 Nf6 4. Nf3 Be7 5. Bg5 h6 6. Bh4 O-O 7. e3 Ne4 8. Bxe7
Qxe7 9. Rc1 c6 10. Bd3 Nxc3 11. Rxc3 dxc4 12. Bxc4 Nd7 13. O-O e5 14. Bb3 e4
15. Nd2 Nf6 16. Qc2 Re8 17. h3 Bf5 18. Rc5 Be6 19. Re5 Bxb3 20. Qxb3 Qc7 21.
Nc4 Rad8 22. Qc2 Re7 23. Rc1 Rd5 24. h4 Rexe5 25. dxe5 Nd7 26. e6 Nf6 27. Nd2
fxe6 28. Nxe4 Nxe4 29. Qxe4 Qf7 30. Qc2 a6 31. a4 Qd7 32. a5 Qd6 33. Qe4 Rd2
34. Rb1 Qd5 35. Qg6 Qe5 36. Rf1 Kf8 37. Qg4 Qd6 38. Rb1 Qd3 39. Rf1 Qd6 1/2-1/2

[Event "17MCR_PFA"]
[Site "?"]
[Date "2003.??.??"]
[Round "?"]
[White "Bosak, Zdenek"]
[Black "Volek, Stanislav"]
[Result "0-1"]
[WhiteElo "2250"]
[BlackElo "2265"]
[PlyCount "56"]
[EventDate "2003.??.??"]
[EventType "corr"]
[EventRounds "1"]
[SourceDate "2005.10.25"]

1. e4 e6 2. Qe2 c5 3. Nf3 Nc6 4. d3 Nge7 5. g3 d5 6. Bg2 g6 7. O-O Bg7 8. Nbd2
b6 9. Re1 Qc7 10. e5 g5 11. Nxg5 Qxe5 12. Qxe5 Bxe5 13. c4 O-O 14. Ngf3 Bg7 15.
a3 a5 16. Rb1 a4 17. b3 axb3 18. Rxb3 Ra6 19. Bb2 Bxb2 20. Rxb2 Bd7 21. cxd5
exd5 22. d4 Rd8 23. Nb1 Bf5 24. Rc1 c4 25. h3 Be4 26. Nbd2 f5 27. Rc3 Rda8 28.
Ra2 b5 0-1

[Event "17MCR_PFA"]
[Site "?"]
[Date "2003.??.??"]
[Round "?"]
[White "Klempar, Miloslav"]
[Black "Novak, Vratislav"]
[Result "0-1"]
[WhiteElo "2250"]
[BlackElo "2265"]
[PlyCount "118"]
[EventDate "2003.??.??"]
[EventType "corr"]
[EventRounds "1"]
[SourceDate "2005.10.25"]

1. e4 e5 2. Nf3 d6 3. d4 exd4 4. Nxd4 Nf6 5. Nc3 Be7 6. Bf4 O-O 7. Qd2 d5 8.
Ndb5 c6 9. Nc7 d4 10. Ne2 g5 11. Be5 Nbd7 12. Bxf6 Nxf6 13. Qxg5+ Kh8 14. Nxa8
Re8 15. a3 Nxe4 16. Qe5+ Bf6 17. Qc7 Qd5 18. f3 Nc3 19. Qf4 Bg5 20. Nc7 Nxe2
21. Qe4 Qxe4 22. fxe4 Rxe4 23. Bxe2 Bg4 24. O-O Bxe2 25. Rxf7 Kg8 26. Rf5 Be3+
27. Kh1 Re7 28. Na8 Bg4 29. Rf6 Kg7 30. Rd6 Bf5 31. Re1 Be4 32. c3 Bd2 33. Rf1
dxc3 34. bxc3 Bxc3 35. Rfd1 c5 36. Rd7 Rxd7 37. Rxd7+ Kf6 38. Nc7 Be5 39. a4 a6
40. Nd5+ Ke6 41. Nb6 c4 42. Rd8 c3 43. Re8+ Kf5 44. Nc4 c2 45. Ne3+ Kf4 46.
Nxc2 Bxc2 47. a5 Be4 48. Kg1 Bc7 49. Kf2 Bxa5 50. g3+ Kf5 51. Re7 h5 52. Rh7
Kg6 53. Rh8 Bb6+ 54. Ke2 a5 55. Rg8+ Kf6 56. Rf8+ Ke5 57. Rh8 a4 58. Rxh5+ Kd4
59. Rh8 Bc5 0-1

[Event "17MCR_PFA"]
[Site "?"]
[Date "2003.??.??"]
[Round "?"]
[White "Geryk, Miroslav"]
[Black "Vondracek, Emil"]
[Result "0-1"]
[WhiteElo "2235"]
[BlackElo "2275"]
[PlyCount "88"]
[EventDate "2003.??.??"]
[EventType "corr"]
[EventRounds "1"]
[SourceDate "2005.10.25"]

1. e4 e5 2. Nf3 Nc6 3. d4 exd4 4. Nxd4 Bc5 5. Nxc6 Qf6 6. Qd2 dxc6 7. Nc3 Ne7
8. Qf4 Qd6 9. Be3 Bxe3 10. Qxe3 Qb4 11. O-O-O Be6 12. f4 f6 13. a3 Qa5 14. Be2
O-O 15. g4 Rfe8 16. Qg3 Rad8 17. h4 Nc8 18. f5 Bf7 19. g5 Rxd1+ 20. Rxd1 Qe5
21. Qg4 Nd6 22. Rg1 Kh8 23. Bd3 a5 24. h5 fxg5 25. Qxg5 Qf6 26. Qxf6 gxf6 27.
h6 Rg8 28. Re1 Re8 29. Kd2 b6 30. b4 axb4 31. axb4 Rg8 32. Ra1 Rg2+ 33. Ke3 Rh2
34. Ra8+ Ne8 35. b5 Rh3+ 36. Kf2 Rxh6 37. bxc6 Rh2+ 38. Kg3 Rh5 39. Nb5 Rg5+
40. Kf4 Rg8 41. Ra7 h5 42. Nxc7 Nxc7 43. Rxc7 h4 44. Rxf7 h3 0-1

[Event "17MCR_PFA"]
[Site "?"]
[Date "2003.??.??"]
[Round "?"]
[White "Toman, Antonin"]
[Black "Kuta, Jiri"]
[Result "1/2-1/2"]
[WhiteElo "2205"]
[BlackElo "2305"]
[PlyCount "46"]
[EventDate "2003.??.??"]
[EventType "corr"]
[EventRounds "1"]
[SourceDate "2005.10.25"]

1. e4 c5 2. b3 Nc6 3. Bb2 d6 4. Nf3 e5 5. Bb5 Nge7 6. O-O a6 7. Bxc6+ Nxc6 8.
Ne1 Be7 9. Nc3 O-O 10. d3 Bg5 11. Nd5 Ne7 12. Nxe7+ Qxe7 13. Nf3 Bh6 14. Bc1
Bxc1 15. Qxc1 Bg4 16. Qe3 b5 17. Nd2 f5 18. f4 fxe4 19. Qxe4 Bf5 20. Qc6 Bd7
21. Qe4 Bf5 22. Qc6 Bd7 23. Qe4 Bf5 1/2-1/2

[Event "17MCR_PFA"]
[Site "?"]
[Date "2003.??.??"]
[Round "?"]
[White "Jakimic, Viktor"]
[Black "Dedina, Miroslav"]
[Result "1/2-1/2"]
[WhiteElo "2135"]
[BlackElo "2325"]
[PlyCount "51"]
[EventDate "2003.??.??"]
[EventType "corr"]
[EventRounds "1"]
[SourceDate "2005.10.25"]

1. d4 Nf6 2. c4 e6 3. Nc3 Bb4 4. e3 O-O 5. Nf3 d5 6. Bd3 c5 7. O-O cxd4 8. exd4
dxc4 9. Bxc4 Nc6 10. a3 Bxc3 11. bxc3 b6 12. Be2 Bb7 13. Bg5 Rc8 14. Re1 h6 15.
Bh4 Na5 16. Rc1 g5 17. Bg3 Ne4 18. Qd3 f5 19. Ne5 Nb3 20. Rc2 Nxg3 21. Qxg3
Nxd4 22. Rd2 Nxe2+ 23. Rdxe2 Kh7 24. f4 Be4 25. h4 g4 26. c4 1/2-1/2

[Event "17MCR_PFA"]
[Site "?"]
[Date "2003.??.??"]
[Round "?"]
[White "Barta, Tomas"]
[Black "Kostal, Jindrich"]
[Result "0-1"]
[WhiteElo "1835"]
[BlackElo "2330"]
[PlyCount "92"]
[EventDate "2003.??.??"]
[EventType "corr"]
[EventRounds "1"]
[SourceDate "2005.10.25"]

1. e4 e5 2. Nf3 Nc6 3. Bb5 a6 4. Ba4 Nf6 5. O-O Be7 6. Re1 b5 7. Bb3 d6 8. c3
O-O 9. h3 Nb8 10. d3 Nbd7 11. Nbd2 Bb7 12. Nf1 Nc5 13. Bc2 Re8 14. Ng3 Bf8 15.
a4 Nxa4 16. Bxa4 bxa4 17. Qxa4 d5 18. Bg5 h6 19. Qb3 dxe4 20. Bxf6 Qxf6 21.
Nxe5 Qxe5 22. Qxb7 Reb8 23. Qc6 Qb5 24. Qxe4 Qxb2 25. Qc4 Qb5 26. Qxc7 Qxd3 27.
Red1 Qg6 28. Qe5 Qc6 29. Nf5 Rb5 30. Ne7+ Bxe7 31. Qxe7 Rg5 32. g3 Qxc3 33. Qb7
Re8 34. Qxa6 Rxg3+ 35. fxg3 Qxg3+ 36. Kf1 Qxh3+ 37. Kg1 Qg4+ 38. Kf2 Qf4+ 39.
Kg1 Re6 40. Qxe6 fxe6 41. Re1 Qg3+ 42. Kf1 h5 43. Ra8+ Kh7 44. Ra2 h4 45. Rg2
Qf3+ 46. Rf2 Qd3+ 0-1

[Event "17MCR_PFA"]
[Site "?"]
[Date "2003.??.??"]
[Round "?"]
[White "Dedina, Miroslav"]
[Black "Barta, Tomas"]
[Result "1-0"]
[WhiteElo "2325"]
[BlackElo "1835"]
[PlyCount "87"]
[EventDate "2003.??.??"]
[EventType "corr"]
[EventRounds "1"]
[SourceDate "2005.10.25"]

1. e4 c5 2. Nf3 Nc6 3. d4 cxd4 4. Nxd4 Nf6 5. Nc3 g6 6. Nxc6 bxc6 7. e5 Ng8 8.
Bc4 Bg7 9. Qf3 f5 10. Bf4 Qa5 11. O-O Qc5 12. Bb3 Bxe5 13. Bxe5 Qxe5 14. Rfe1
Qg7 15. Rad1 Nf6 16. Nb5 Kf8 17. Nc7 Rb8 18. Qe3 Ne4 19. Qxa7 Rxb3 20. axb3
Qxb2 21. f3 Nd6 22. Rxd6 exd6 23. Qe3 Qf6 24. Ne8 Qe5 25. Qh6+ Kxe8 26. Rxe5+
dxe5 27. Qg7 Rf8 28. Qxh7 d6 29. Qc7 Be6 30. c4 g5 31. b4 g4 32. Qxd6 Kf7 33.
b5 gxf3 34. gxf3 cxb5 35. cxb5 Re8 36. b6 Bc8 37. h4 e4 38. h5 Rg8+ 39. Kf2
exf3 40. h6 Rg2+ 41. Kxf3 Rg8 42. h7 Rh8 43. Kf4 Rxh7 44. Qc7+ 1-0